| 000 | 00608nam a2200181Ia 4500 | ||
|---|---|---|---|
| 005 | 20250423100406.0 | ||
| 008 | 250422s9999 xx 000 0 und d | ||
| 020 | _a9780875867083 | ||
| 050 | _aDT 515.8 .S56/ | ||
| 100 | _aSiollun, Max | ||
| 245 | 0 | _aOil, politics and violence: Nigeria’s military coup culture (1966-1976) | |
| 260 | _aNew York | ||
| 260 | _bAlgora Publishing | ||
| 260 | _c2009 | ||
| 300 | _a268 p | ||
| 650 | _a Coups d'état--Nigeria--History--20th century. Military government--Nigeria--History--20th century. Nigeria--Politics and government--1960- | ||
| 942 | _cBK | ||
| 999 |
_c33165 _d33165 |
||